Statistics for POKEMON legendaries

Click here to take the quiz!

General Stats

  • This quiz has been taken 18 times
  • The average score is 35 of 55

Answer Stats

TypeAnswer% Correct
IceArticuno
90%
FireEntei
90%
FireHo-oH
90%
WaterKyogre
90%
PsychicLugia
90%
PsychicMewtwo
90%
FireMoltres
90%
FlyingRayquaza
90%
IceRegice
90%
RockRegirock
90%
SteelRegisteel
90%
WaterSuicune
90%
FlyingZapdos
90%
PsychicAzelf
80%
DragonDialga
80%
GroundGroudon
80%
SteelHeatran
80%
PsychicLatias
80%
DragonLatios
80%
PsychicMesprit
80%
WaterPalkia
80%
ElectricRaikou
80%
NormalRegigigas
80%
DragonReshiram
80%
DragonZekrom
80%
GhostGiratina
70%
IceKyurem
70%
PsychicUxie
70%
SteelCobalion
50%
FlyingLandorus
50%
SteelSolgaleo
50%
FairyTapu Bulu
50%
FairyTapu fini
50%
FairyTapu Koko
50%
FairyTapu lele
50%
RockTerrakion
50%
FlyingThundurus
50%
FlyingTornadus
50%
MulitipleTypenull
50%
GrassVirizion
50%
FairyXerneas
50%
FlyingYveltal
50%
GroundZygarde
50%
GrassCalyrex
40%
PsychicCosmoem
40%
PsychicCosmog
40%
GhostLunala
40%
PsychicNecrozma
40%
DragonEternatus
30%
FightingKubfu
30%
MultipleSivally
30%
FightingUrshifu
30%
FairyZacian
30%
FightingZamazenta
30%
PsychicCressila
20%

Score Distribution

Percentile by Number Answered

Percent of People with Each Score

Your Score History

You have not taken this quiz